000 00340nam a22001337a 4500
008 170601b xxu||||| |||| 00| 0 eng d
020 _a9781111832582
041 _aeng
080 _23RD
_a94(100)
100 _a17
101 _aSHH
245 _aTHE CALLENGE OF DEMOCRACY AMERICAN GOVERNMENT IN GLOBAL POLITICS
_cJANDA,K
942 _2udc
_cBK
999 _c15480
_d15480